Normal view
MARC view
- San Juan, Jhun Alison S.
Entry Personal Name
001 - CONTROL NUMBER
- control field: 2257
003 - CONTROL NUMBER IDENTIFIER
- control field: URS
005 - DATE AND TIME OF LATEST TRANSACTION
- control field: 20220903155832.0
008 - FIXED-LENGTH DATA ELEMENTS
- fixed length control field: 220903|| aca||aabn | a|a d
040 ## - CATALOGING SOURCE
- Original cataloging agency: URS
100 ## - HEADING--PERSONAL NAME
- Personal name: San Juan, Jhun Alison S.
- Relator term: author